000 00299nam a22001097a 4500
005 20251014140033.0
008 251014b |||||||| |||| 00| 0 eng d
040 _cPK-LaNCA
082 _a720.92
_bLEC
245 _aLe Corbusier, 1887-1965 : the lyricism of architecture in the machine age
942 _cBK
999 _c67085
_d67085